| 000 | 00830nam a22002297a 4500 | ||
|---|---|---|---|
| 003 | UA-OsUOA | ||
| 001 | 29103 | ||
| 007 | ta | ||
| 008 | 20050531b un ||||| |||| 00| 0 ukr d | ||
| 090 |
_a94(47+571) _bА17 |
||
| 942 | _cBK | ||
| 040 |
_aUA-OsUOA _brus _cUA-OsUOA _dUA-OsUOA |
||
| 245 |
_aАбсолютизм в России (17-18 вв.) _bСборник статей к семидесятилетию со дня рождения и сорокопятилетию научной и педагогической деятельности Б. Б. Кафенгауза _cРед. Н. М.Дружинин Н. И.Павленко Л. В.Черепнин |
||
| 300 | _a520 с. | ||
| 955 | _a0 | ||
| 041 | _arus | ||
| 080 | _a94(47+571) | ||
| 260 |
_aМ. _bНаука _c1964 |
||
| 044 | _aRU | ||
| 650 | 7 | _2UDC | |
| 999 |
_c315483 _d315483 |
||